[Event "GER-chT U12"]
[Site "Verden"]
[Date "2000.12.30"]
[Round "7.2"]
[White "Nolte, Christian"]
[Black "Seyb, Alexander"]
[Result "0-1"]
[WhiteElo "851"]
[BlackElo "1057"]
[PlyCount "76"]
[EventDate "2000.12.26"]
[EventType "team"]
[EventRounds "7"]
[EventCountry "GER"]
[SourceTitle "EXT 2008"]
[Source "ChessBase"]
[SourceDate "2007.11.25"]
[SourceVersion "1"]
[SourceVersionDate "2007.11.25"]
[SourceQuality "1"]
[WhiteTeam "Breitenworbis U12"]
[BlackTeam "Grossenseebach U12"]
[WhiteTeamCountry "GER"]
[BlackTeamCountry "GER"]

1. e4 Nf6 2. d3 d5 3. Nd2 Nc6 4. Ngf3 g6 5. Be2 Bg7 6. 0-0 dxe4 7. dxe4 0-0 8. c3 h6 9. Qc2 Be6 10. Re1 Nd7 11. Nf1 Nde5 12. Nxe5 Nxe5 13. f4 Nc6 14. e5 Qc8 15. Ng3 Rd8 16. Be3 Rd7 17. Rad1 a6 18. h4 Qe8 19. h5 gxh5 20. f5 Rxd1 21. Rxd1 Bd7 22. e6 fxe6 23. Bxh5 Qc8 24. fxe6 Be8 25. Bg6 Qxe6 26. Be4 Kh8 27. Qf2 Bg6 28. Bd5 Qf6 29. Qd2 Rd8 30. Bxh6 e6 31. Bg5 Qe5 32. Bxd8 exd5 33. Qxd5 Qxg3 34. Qb3 Qe3+ 35. Kh1 Be4 36. Bxc7 Qe2 37. Rg1 Qh5+ 38. Bh2 Be5 0-1